000
00215nam a2200085Ia 4500
008
120527s9999 xx 000 0 und d
100
_a
BURNS, K
245
_a
Focus on Solution A health Profesional's guide
942
_c
BK
999
_c
25768
_d
25768